Carta abierta a las iglesias evangélicas de América Latina (Registro nro. 52324)
[ vista simple ]
| 000 -LÍDER | |
|---|---|
| Campo fijo de descripción fija | 00935aab a2200193 i 4500 |
| 001 - NÚMERO DE CONTROL | |
| Campo de control | 768714001 |
| 003 - IDENTIFICADOR DEL NÚMERO DE CONTROL | |
| Campo de control | CO-MdFUSB |
| 005 - FECHA Y HORA DE LA ULTIMA TRANSACCIÓN | |
| control field | 20250820161609.0 |
| 008 - ELEMENTOS DE LONGITUD FIJA -- INFORMACIÓN GENERAL | |
| Campo fijo de descripción fija -- Información general | 240423t1998 ag ||||| |||| 00| 0 spa d |
| 040 ## - FUENTE DE CATALOGACIÓN | |
| Idioma de catalogación | spa |
| Agencia que realiza la transcripción | CO-MdFUSB |
| 041 ## - CÓDIGO DE IDIOMA | |
| Código de idioma para texto/pista de sonido o título separado | spa |
| 100 1# - ASIENTO PRINCIPAL--NOMBRE PERSONAL | |
| Nombre personal | Encuentro de Evangelicos, Política y Sociedad (EPOS) |
| Término relacionador | autor |
| 245 ## - TÍTULO | |
| Título | Carta abierta a las iglesias evangélicas de América Latina |
| Mención de responsabilidad | / EPOS |
| 300 ## - DESCRIPCIÓN FÍSICA | |
| Extensión | Volumen 17, número 3 (julio - septiembre, 1998), páginas: 26 - 27 |
| Dimensiones | ; 27 cm |
| 520 ## - NOTA DE RESUMEN, ETC. | |
| Nota de sumario, etc. | El siguiente documento surgió del encuentro de Evangelicos, Política y Sociedad (EPOS) realizado en el Centro Kairós, Buenos Aires, Argentina, en 1998, en el cual mencionan los esfuerxos por lograr los estándares éticos del reino en América Latina. |
| 773 0# - ASIENTO DE ITEM FUENTE | |
| Título | Iglesia y Misión |
| Biblionumber | 49402 |
| Itemnumber | 59633 |
| Parte(s) relacionada(s) / Volumen., número. (mes año), páginas | Volumen 17, número 3 (julio - septiembre, 1998), páginas: 26 - 27 |
| Enumeración y primera página | página: 26 |
| 942 ## - TIPO DE MATERIAL (KOHA) | |
| Tipo de Item KOHA | Artículos de Revista |
| 945 ## - INFORMACIÓN LOCAL DEL REGISTRO | |
| Catalogador | JTF-925 |
No hay ítems disponibles.
